Представление документа в формате RUSMARC

ПолеНазваниеЗначение
  Тип записи a
  Библиографический уровень m
001 Контрольный номер RU/SLIB/B/208703150
005 Дата корректировки 20241022084310.2
010 Индекс ISBN __
d Цена 5-00
101 Язык документа __
a Язык текста gre
c Язык оригинала gre
200 Заглавие и сведения об ответственности 0_
a Заглавие Nikoz Mpelogiannhz - eonikoz hpqaz thz eллadoz
f Первые сведения об ответственности Г. В. Kapаzтаеn
b Общее обозначение материала Текст
200 Заглавие и сведения об ответственности __
d Параллельное заглавие Никос Белояннис - национальный герой Греции
210 Выходные данные __
a Место издания Алмvроz
c Издательство Agnva
d Дата издания 1995
215 Физическое описание __
a Объем 32 с., [1] л. портр.
300 Общие примечания __
a Общие примечания Текст на греч. яз.
600 Персоналии __
a Персоналии (Фамилия) Белояннис, Н.
c Дополнение к имени политический деятель
f Даты 1915-1952
g Полное имя Никос
601 Наименование организации как предмет __
a Наименование организации как предмет Коммунистическая партия
606 Тематические рубрики __
a Основная рубрика История
y Географическая подрубрика Греция
606 Тематические рубрики __
a Основная рубрика Европа с 1918 г. -
610 Ключевые слова __
a Ключевые слова политические партии; политика; персоналии; новейшая история; политические репрессии; политические деятели; биографии; национальные герои; коммунисты
686 Индексы других классификаций __
2 Код системы rubbks
a Классификационный индекс 63.3(4Гре)6-8
700 Автор _1
a Фамилия Kapаzтаеn
b Имя Г. В.
c Титул (звания) Карастафис, Я. В.
4 Код отношения 070
801 Источник записи _0
a Страна RU
b Организация Муниципальное бюджетное учреждение культуры "Централизованная библиотечная система" г. Сургут (Центральная городская библиотека им. А. С. Пушкина)
g Правила каталогизации ОБ/Шулаева
801 Источник записи _1
a Страна RU
b Организация Муниципальное бюджетное учреждение культуры "Централизованная библиотечная система" г. Сургут (Центральная городская библиотека им. А. С. Пушкина)
g Правила каталогизации ОБ/Шулаева
852 Данные о местонахождении __
j Шифр хранения 63.3(4Гре)6-8
c Каталожный индекс 63.3(4Гре)-8
i Авторский знак K 20
p Инвентарный номер 74311
901 Тип документа __
t Тип документа m
903 Характеристики (МАРС) __
a Дата передачи 20000220
990 Данные о заказе (DOS) 00
j Количество экземпляров (DOS) 2
t N записи в КСУ для И/У (DOS) 200001